| 000 | 02364nam a2200277 a 4500 | ||
|---|---|---|---|
| 001 | ASIN0745642063 | ||
| 005 | 20170105102929.0 | ||
| 008 | 140115s2008 xxu eng d | ||
| 020 |
_a0745642063 (hardcover) _c$59.95 |
||
| 020 | _a9780745642062 (hardcover) | ||
| 040 | _a0 | ||
| 050 | 0 | 4 | _aJZ5538 |
| 082 | 0 | 4 |
_a327.172 _bDIE 2008 |
| 100 | 1 | _aDiehl, Paul F. | |
| 245 | 1 | 0 |
_aPeace operations / _cPaul F. Diehl. |
| 250 | _a1st ed. | ||
| 260 |
_a[S.l.] : _bPolity, _c2008. |
||
| 300 |
_a188 p. ; _c21 cm. |
||
| 490 | 1 | _aWcmw - war and conflict in the modern world. | |
| 520 | _aPeacekeeping has gradually evolved to encompass a broad range of different conflict management missions and techniques, which are incorporated under the term "peace operations." Well over 100 missions have been deployed, the vast majority within the last twenty years. This book provides an overview of the central issues surrounding the development, operation, and effectiveness of peace operations. Among many features, the book: * Traces the historical development of peace operations from their origins in the early 20th century through the development of modern peacebuilding missions. * Tracks changes over time in the size, mission, and organization of peace operations. * Analyses different organizational, financial, and troop provisions for peace operations, as well as assessing alternatives. * Lays out criteria for evaluating peace operations and details the conditions under which such operations are successful. As peace operations become the primary mechanism of conflict management used by the UN and regional organizations, understanding their problems and potential is essential for a more secure world. Drawing on a wide range of examples from those between Israel and her neighbors to more recent operations in Somalia and the Congo, this book brings together the body of scholarly research on peace operations to address those concerns. It will be an indispensable guide for students, practitioners and general readers wanting to broaden their knowledge of the possibilities and limits of peace operations today. | ||
| 650 | 0 | _aPeace-building | |
| 650 | 0 | _aPeacekeeping forces | |
| 830 | 0 | _aWcmw - war and conflict in the modern world. | |
| 856 | 4 | 0 |
_3Amazon.com _uhttp://www.amazon.com/exec/obidos/ASIN/0745642063/chopaconline-20 |
| 942 |
_2ddc _cBK |
||
| 999 |
_c15997 _d15997 |
||